Ascriptive speech act and legal language; SHS Web of Conferences; Vol. 28 : Research Paradigms Transformation in Social Sciences (RPTSS 2015)

Dades bibliogràfiques
Parent link:SHS Web of Conferences
Vol. 28 : Research Paradigms Transformation in Social Sciences (RPTSS 2015).— 2016.— [01075, 5 p.]
Autor principal: Ogleznev V. Vitaly
Autor corporatiu: Национальный исследовательский Томский политехнический университет (ТПУ)
Sumari:Title screen
In this article the author explicates Herbert Hart’s theory of an ascriptive language as it has been developed in his influential early paper "The Ascription of Responsibility and Rights". In the section ‘Discussion’ the author argues that the theory of ascriptive legal utterances, which is grounded on Austin’s and Searle’s theory of a speech act, provides the methodological basis for his analytical approach to philosophical and legal issues. In the section ‘Results’ the author justifies that an ascriptive is a specific speech (illocutionary) act. In the section ‘Conclusion’ the matter concerns the original linguistic formula of an ascriptive that accurately reflects its nature. This article elaborates on the interpretation of ascriptive speech acts in legal language by evaluating the influence of philosophy of language on the formation of modern legal philosophy, along with evaluating the contribution of conceptual development of legal philosophy in the speech acts theory.
Idioma:anglès
Publicat: 2016
Matèries:
Accés en línia:http://dx.doi.org/10.1051/shsconf/20162801075
http://earchive.tpu.ru/handle/11683/33113
Format: MixedMaterials Electrònic Capítol de llibre
KOHA link:https://koha.lib.tpu.ru/cgi-bin/koha/opac-detail.pl?biblionumber=649615

MARC

LEADER 00000nla2a2200000 4500
001 649615
005 20231101134557.0
035 |a (RuTPU)RU\TPU\network\14777 
035 |a RU\TPU\network\14775 
090 |a 649615 
100 |a 20160729a2016 k y0engy50 ba 
101 0 |a eng 
105 |a y z 100zy 
135 |a drgn ---uucaa 
181 0 |a i  
182 0 |a b 
200 1 |a Ascriptive speech act and legal language  |f V. Ogleznev 
203 |a Text  |c electronic 
300 |a Title screen 
320 |a [References: 11 tit.] 
330 |a In this article the author explicates Herbert Hart’s theory of an ascriptive language as it has been developed in his influential early paper "The Ascription of Responsibility and Rights". In the section ‘Discussion’ the author argues that the theory of ascriptive legal utterances, which is grounded on Austin’s and Searle’s theory of a speech act, provides the methodological basis for his analytical approach to philosophical and legal issues. In the section ‘Results’ the author justifies that an ascriptive is a specific speech (illocutionary) act. In the section ‘Conclusion’ the matter concerns the original linguistic formula of an ascriptive that accurately reflects its nature. This article elaborates on the interpretation of ascriptive speech acts in legal language by evaluating the influence of philosophy of language on the formation of modern legal philosophy, along with evaluating the contribution of conceptual development of legal philosophy in the speech acts theory. 
461 0 |0 (RuTPU)RU\TPU\network\14324  |t SHS Web of Conferences 
463 0 |0 (RuTPU)RU\TPU\network\14326  |t Vol. 28 : Research Paradigms Transformation in Social Sciences (RPTSS 2015)  |o International Conference, December 15-17, 2015, Tomsk, Russia  |o [proceedings]  |f National Research Tomsk Polytechnic University (TPU) ; eds. I. B. Ardashkin ; N. V. Martyushev  |v [01075, 5 p.]  |d 2016 
610 1 |a электронный ресурс 
610 1 |a труды учёных ТПУ 
610 1 |a юридическая лексика 
610 1 |a речевые акты 
700 1 |a Ogleznev  |b V.  |g Vitaly 
712 0 2 |a Национальный исследовательский Томский политехнический университет (ТПУ)  |c (2009- )  |2 stltpush  |3 (RuTPU)RU\TPU\col\15902 
801 2 |a RU  |b 63413507  |c 20170120  |g RCR 
856 4 |u http://dx.doi.org/10.1051/shsconf/20162801075 
856 4 |u http://earchive.tpu.ru/handle/11683/33113 
942 |c CF